[Event "ISR-Tch"]
[Site "ISR"]
[Date "2001.02.17"]
[Round "2.6"]
[White "Kagan, Yosef"]
[Black "Tyomkin, Dimitri"]
[Result "1/2-1/2"]
[WhiteElo "2334"]
[BlackElo "2500"]
[PlyCount "90"]
[GameId "2129405150677704"]
[EventDate "2001.02.??"]
[EventType "team"]
[EventRounds "11"]
[EventCountry "ISR"]
[SourceTitle "CBM 81"]
[Source "ChessBase"]
[SourceDate "2001.03.20"]
[SourceVersion "1"]
[SourceVersionDate "2001.03.20"]
[SourceQuality "1"]

1. e4 c5 2. Nf3 d6 3. d4 cxd4 4. Nxd4 Nf6 5. Nc3 Nc6 6. Bg5 e6 7. Qd2 a6 8. O-O-O h6 9. Bf4 Bd7 10. Nb3 Ne5 11. f3 Qc7 12. Be2 b5 13. Bd3 Be7 14. Kb1 O-O 15. Qf2 Rfc8 16. g4 b4 17. Bxe5 dxe5 18. Ne2 a5 19. h4 a4 20. Nd2 Bb5 21. Rc1 Bc5 22. Qe1 Bxd3 23. cxd3 Qd7 24. d4 Bxd4 25. Nxd4 exd4 26. Qe2 d3 27. Qe3 Qb5 28. Qd4 e5 29. Qd6 b3 30. axb3 axb3 31. Rxc8+ Rxc8 32. Qa3 Qb6 33. Qxb3 Qe3 34. Rc1 Rxc1+ 35. Kxc1 Nd7 36. Qd1 Nc5 37. Kb1 Ne6 38. Nc4 Qd4 39. Qc1 Nf4 40. Qc3 Qg1+ 41. Ka2 Ne2 42. Qxe5 Nc1+ 43. Ka3 d2 44. Qb8+ Kh7 45. Nxd2 Qc5+ 1/2-1/2

[Event "ISR-Tch"]
[Site "ISR"]
[Date "2001.03.17"]
[Round "5.5"]
[White "Shachar, Ehud"]
[Black "Tyomkin, Dimitri"]
[Result "1/2-1/2"]
[WhiteElo "2355"]
[BlackElo "2500"]
[PlyCount "76"]
[GameId "2129405150677709"]
[EventDate "2001.02.??"]
[EventType "team"]
[EventRounds "11"]
[EventCountry "ISR"]
[SourceTitle "CBM 82"]
[Source "ChessBase"]
[SourceDate "2001.05.17"]
[SourceVersion "1"]
[SourceVersionDate "2001.05.17"]
[SourceQuality "1"]

1. e4 c5 2. Nf3 d6 3. c3 Nf6 4. h3 Nc6 5. Bd3 g6 6. O-O Bg7 7. Re1 O-O 8. Bf1 e5 9. d4 cxd4 10. cxd4 exd4 11. Nxd4 Nxd4 12. Qxd4 Re8 13. Bg5 h6 14. Bxf6 Qxf6 15. Qxf6 Bxf6 16. Nc3 Bxc3 17. bxc3 Be6 18. Reb1 Re7 19. a4 Rc8 20. Ra3 Rc5 21. Rb5 Rec7 22. Rxc5 Rxc5 23. a5 g5 24. f3 Kg7 25. Kf2 f5 26. Ke3 f4+ 27. Kd4 Kf6 28. c4 Bd7 29. Bd3 Bc6 30. Ra1 h5 31. Be2 Re5 32. Bd3 Rc5 33. Be2 a6 34. Bd3 Re5 35. Bc2 Rc5 36. Bd3 Re5 37. Bc2 Bd7 38. Bd3 Bc6 1/2-1/2

[Event "ISR-Tch"]
[Site "ISR"]
[Date "2001.03.24"]
[Round "6.5"]
[White "Tyomkin, Dimitri"]
[Black "Tratatovici, Moise"]
[Result "1-0"]
[WhiteElo "2492"]
[BlackElo "2355"]
[PlyCount "85"]
[GameId "2129405150677711"]
[EventDate "2001.02.??"]
[EventType "team"]
[EventRounds "11"]
[EventCountry "ISR"]
[SourceTitle "CBM 82"]
[Source "ChessBase"]
[SourceDate "2001.05.17"]
[SourceVersion "1"]
[SourceVersionDate "2001.05.17"]
[SourceQuality "1"]

1. d4 Nf6 2. c4 c5 3. d5 g6 4. Nc3 Bg7 5. e4 O-O 6. Nf3 e6 7. Bd3 exd5 8. exd5 Re8+ 9. Kf1 d6 10. h3 Nbd7 11. Be3 Nh5 12. Qd2 f5 13. g4 f4 14. Bxf4 Nxf4 15. Qxf4 Ne5 16. Nxe5 Bxe5 17. Qd2 Qh4 18. Kg2 Rf8 19. Rae1 Rf4 20. Re4 Bxg4 21. hxg4 Qxg4+ 22. Kf1 Qf3 23. Rh4 Raf8 24. Rexf4 Bxf4 25. Qe2 Bg3 26. Qxf3 Rxf3 27. Rh3 Rxf2+ 28. Kg1 Rf3 29. Be2 Bf2+ 30. Kg2 Rxh3 31. Kxh3 Bd4 32. Nb5 Be5 33. b3 a5 34. Bg4 h5 35. Bc8 b6 36. Nc7 Kg7 37. Na8 Kf6 38. Nxb6 Kg5 39. Be6 h4 40. Nd7 Bg3 41. Nb8 Kf4 42. Nc6 Be1 43. Nd8 1-0

[Event "ISR-Tch"]
[Site "ISR"]
[Date "2001.05.04"]
[Round "9.5"]
[White "Gurevich, Gregory"]
[Black "Tyomkin, Dimitri"]
[Result "0-1"]
[WhiteElo "2369"]
[BlackElo "2476"]
[PlyCount "74"]
[GameId "2129405150677716"]
[EventDate "2001.02.??"]
[EventType "team"]
[EventRounds "11"]
[EventCountry "ISR"]
[SourceTitle "CBM 83"]
[Source "ChessBase"]
[SourceDate "2001.07.05"]
[SourceVersion "1"]
[SourceVersionDate "2001.07.05"]
[SourceQuality "1"]

1. d4 d5 2. c4 c6 3. cxd5 cxd5 4. Nc3 Nf6 5. Nf3 Nc6 6. Bf4 Ne4 7. Qb3 Nxc3 8. bxc3 g6 9. e4 dxe4 10. Ng5 e6 11. Nxe4 Be7 12. Bb5 O-O 13. O-O Na5 14. Qb1 Bd7 15. Nc5 Bxb5 16. Qxb5 a6 17. Qd7 Bxc5 18. Qxd8 Rfxd8 19. dxc5 Rd5 20. Be3 Nc4 21. Rab1 Rb8 22. c6 b5 23. a4 Rc8 24. axb5 axb5 25. Rfd1 Nxe3 26. fxe3 Rxd1+ 27. Rxd1 Rxc6 28. Rd3 Kf8 29. Kf2 Ke7 30. e4 Rd6 31. Rh3 h5 32. Ke3 e5 33. Rf3 Rf6 34. Rg3 Rf4 35. Rh3 Rg4 36. g3 Kd6 37. Kd3 Kc5 0-1

[Event "Salou-A"]
[Site "Salou ESP"]
[Date "2000.10.18"]
[Round "3"]
[White "Tyomkin, Dimitri"]
[Black "Kogan, Artur"]
[Result "1/2-1/2"]
[WhiteElo "2522"]
[BlackElo "2504"]
[PlyCount "23"]
[GameId "2129405153431354"]
[EventDate "2000.10.16"]
[EventType "tourn"]
[EventRounds "9"]
[EventCountry "ESP"]
[SourceTitle "The Week in Chess 311"]
[Source "Mark Crowther"]
[SourceDate "2000.10.23"]
[SourceVersion "2"]
[SourceVersionDate "2000.10.23"]
[SourceQuality "2"]

1. d4 d6 2. c4 e5 3. d5 f5 4. e4 Na6 5. Nc3 Nf6 6. exf5 Bxf5 7. Nge2 c6 8. Ng3 Bg4 9. Be2 Bxe2 10. Qxe2 cxd5 11. cxd5 Be7 12. O-O 1/2-1/2

[Event "Salou-A"]
[Site "Salou ESP"]
[Date "2000.10.19"]
[Round "4"]
[White "Miladinovic, Igor"]
[Black "Tyomkin, Dimitri"]
[Result "1/2-1/2"]
[WhiteElo "2563"]
[BlackElo "2522"]
[PlyCount "49"]
[GameId "2129405153431357"]
[EventDate "2000.10.16"]
[EventType "tourn"]
[EventRounds "9"]
[EventCountry "ESP"]
[SourceTitle "The Week in Chess 312"]
[Source "Mark Crowther"]
[SourceDate "2000.10.30"]
[SourceVersion "1"]
[SourceVersionDate "2000.10.30"]
[SourceQuality "2"]

1. d4 d5 2. Bg5 c6 3. e3 Qb6 4. Qc1 Bf5 5. Nf3 e6 6. Be2 h6 7. Bh4 Nd7 8. O-O Ngf6 9. c4 Be7 10. c5 Qd8 11. Nc3 g5 12. Bg3 Ne4 13. Nxe4 Bxe4 14. Nd2 Bg6 15. f4 a5 16. a3 b5 17. a4 b4 18. Qd1 O-O 19. Nf3 f5 20. fxg5 hxg5 21. Ne5 Nxe5 22. Bxe5 Bf6 23. Bd6 Be7 24. Be5 Bf6 25. Bd6 1/2-1/2

[Event "Salou-A"]
[Site "Salou ESP"]
[Date "2000.10.21"]
[Round "5"]
[White "Tyomkin, Dimitri"]
[Black "Ivanov, Jordan"]
[Result "1-0"]
[WhiteElo "2522"]
[BlackElo "2461"]
[PlyCount "75"]
[GameId "2129405153431364"]
[EventDate "2000.10.16"]
[EventType "tourn"]
[EventRounds "9"]
[EventCountry "ESP"]
[SourceTitle "The Week in Chess 312"]
[Source "Mark Crowther"]
[SourceDate "2000.10.30"]
[SourceVersion "1"]
[SourceVersionDate "2000.10.30"]
[SourceQuality "2"]

1. d4 Nf6 2. c4 d6 3. Nc3 g6 4. e4 Bg7 5. h3 O-O 6. Bg5 Na6 7. Bd3 e5 8. d5 Nc5 9. Bc2 a5 10. g4 c6 11. Nge2 Bd7 12. a3 Qb6 13. Rb1 cxd5 14. cxd5 a4 15. Be3 Qa5 16. f3 Rfc8 17. Kf2 Be8 18. Nc1 Nfd7 19. Nd3 Nxd3+ 20. Bxd3 Nc5 21. Bc2 Bb5 22. Nxb5 Qxb5 23. Qe2 Qa5 24. Rhc1 Qd8 25. Kg2 Qh4 26. Qd2 Bf6 27. Rf1 g5 28. Rh1 Be7 29. Bf2 Qh6 30. h4 Qg7 31. hxg5 Bxg5 32. Be3 h6 33. Rh5 f6 34. Bxg5 hxg5 35. Rbh1 Nd7 36. Kg3 Nf8 37. Qh2 Ng6 38. Rh7 1-0

[Event "Dov Porath mem"]
[Site "Givataim ISR"]
[Date "2000.09.??"]
[Round "1"]
[White "Kaganskiy, Gleb"]
[Black "Tyomkin, Dimitri"]
[Result "1/2-1/2"]
[WhiteElo "2290"]
[BlackElo "2522"]
[PlyCount "74"]
[GameId "2129405154144618"]
[EventDate "2000.09.??"]
[EventType "swiss"]
[EventRounds "7"]
[EventCountry "ISR"]
[SourceTitle "EXT 2006"]
[Source "ChessBase"]
[SourceDate "2005.11.24"]
[SourceVersion "1"]
[SourceVersionDate "2005.11.24"]
[SourceQuality "1"]

1. d4 d5 2. c4 e6 3. Nc3 c6 4. cxd5 exd5 5. Nf3 Bf5 6. Bg5 Qb6 7. Qd2 Nd7 8. e3 Ngf6 9. Bxf6 Nxf6 10. Be2 Bd6 11. O-O O-O 12. Bd3 Bxd3 13. Qxd3 Rae8 14. Nd2 Re7 15. Rab1 Rfe8 16. b4 Ng4 17. Nb3 a6 18. Na4 Qc7 19. h3 Nf6 20. Nd2 Ne4 21. Nxe4 dxe4 22. Qb3 Re6 23. Nc5 Rg6 24. f4 exf3 25. Rxf3 Rg3 26. e4 Rxf3 27. Qxf3 Qe7 28. Rf1 h6 29. Kh1 f6 30. Qb3+ Qf7 31. Qxf7+ Kxf7 32. Nxb7 Bxb4 33. Rb1 Bf8 34. Rb6 Rxe4 35. Rxa6 Re7 36. Rb6 Re1+ 37. Kh2 Ra1 1/2-1/2

[Event "Dov Porath mem"]
[Site "Givataim ISR"]
[Date "2000.09.??"]
[Round "2"]
[White "Tyomkin, Dimitri"]
[Black "Yezersky, Vladimir"]
[Result "1-0"]
[WhiteElo "2522"]
[BlackElo "2266"]
[PlyCount "113"]
[GameId "2129405154144635"]
[EventDate "2000.09.??"]
[EventType "swiss"]
[EventRounds "7"]
[EventCountry "ISR"]
[SourceTitle "EXT 2006"]
[Source "ChessBase"]
[SourceDate "2005.11.24"]
[SourceVersion "1"]
[SourceVersionDate "2005.11.24"]
[SourceQuality "1"]

1. d4 Nf6 2. c4 g6 3. Nc3 Bg7 4. e4 d6 5. h3 O-O 6. Bg5 Na6 7. Bd3 e5 8. d5 c6 9. Nge2 cxd5 10. cxd5 Nc5 11. Bc2 a5 12. a3 Bd7 13. g4 Qb6 14. Rb1 a4 15. Kf1 Kh8 16. Kg2 Ng8 17. Be3 Qa5 18. Ng3 Ne7 19. Nf1 f5 20. f3 b5 21. Na2 Nc8 22. Nb4 Nb6 23. Nd2 Nc4 24. Nxc4 bxc4 25. Qe2 Qb5 26. Rbc1 Rac8 27. g5 f4 28. Bf2 h5 29. Rhd1 Rc7 30. Bxc5 Rxc5 31. Bb1 Rfc8 32. Rc3 Bf8 33. h4 Qb7 34. Ba2 Bb5 35. Rdc1 Qc7 36. Nc6 Bxc6 37. dxc6 Qxc6 38. Rxc4 Rb8 39. Rxc5 dxc5 40. Qc4 Bg7 41. Rc2 Rd8 42. Qf7 Qb6 43. Bd5 Kh7 44. Qe7 Rb8 45. Qd7 Qa5 46. Bf7 Qa6 47. Rd2 Rf8 48. Be8 Qc4 49. Qxa4 Qxa4 50. Bxa4 Rb8 51. Bc6 Bf8 52. a4 c4 53. Bb5 Bc5 54. Bxc4 Bd4 55. b3 Bc3 56. Rd7+ Kh8 57. Kf1 1-0

[Event "Dov Porath mem"]
[Site "Givataim ISR"]
[Date "2000.09.??"]
[Round "4"]
[White "Tyomkin, Dimitri"]
[Black "Gruenfeld, Yehuda"]
[Result "1/2-1/2"]
[WhiteElo "2522"]
[BlackElo "2514"]
[PlyCount "37"]
[GameId "2129405154144658"]
[EventDate "2000.09.??"]
[EventType "swiss"]
[EventRounds "7"]
[EventCountry "ISR"]
[SourceTitle "EXT 2006"]
[Source "ChessBase"]
[SourceDate "2005.11.24"]
[SourceVersion "1"]
[SourceVersionDate "2005.11.24"]
[SourceQuality "1"]

1. d4 Nf6 2. c4 g6 3. Nc3 Bg7 4. e4 d6 5. h3 O-O 6. Bg5 Na6 7. Bd3 e5 8. d5 c6 9. Nge2 cxd5 10. cxd5 Nc5 11. Bc2 a5 12. g4 Bd7 13. a3 a4 14. f3 Qb6 15. Rb1 Rfc8 16. Be3 Qa5 17. Nc1 Be8 18. Kf2 Nfd7 19. Nd3 1/2-1/2

[Event "Dov Porath mem"]
[Site "Givataim ISR"]
[Date "2000.09.??"]
[Round "6"]
[White "Vovsha, Eli"]
[Black "Tyomkin, Dimitri"]
[Result "1/2-1/2"]
[WhiteElo "2353"]
[BlackElo "2522"]
[PlyCount "32"]
[GameId "2129405154144682"]
[EventDate "2000.09.??"]
[EventType "swiss"]
[EventRounds "7"]
[EventCountry "ISR"]
[SourceTitle "EXT 2006"]
[Source "ChessBase"]
[SourceDate "2005.11.24"]
[SourceVersion "1"]
[SourceVersionDate "2005.11.24"]
[SourceQuality "1"]

1. e4 c5 2. Nf3 d6 3. d4 cxd4 4. Nxd4 Nf6 5. Nc3 Nc6 6. Bg5 e6 7. Qd2 a6 8. O-O-O h6 9. Be3 Be7 10. f4 Nxd4 11. Bxd4 b5 12. Bd3 b4 13. Ne2 Qa5 14. Kb1 e5 15. Be3 O-O 16. h3 Be6 1/2-1/2

[Event "Andorra op"]
[Site "Andorra AND"]
[Date "2000.06.25"]
[Round "2"]
[White "Tyomkin, Dimitri"]
[Black "Cosma, Elena Luminita"]
[Result "1/2-1/2"]
[WhiteElo "2516"]
[BlackElo "2360"]
[PlyCount "116"]
[GameId "2129405155515417"]
[EventDate "2000.06.24"]
[EventType "swiss"]
[EventRounds "9"]
[EventCountry "AND"]
[SourceTitle "The Week in Chess 295"]
[Source "Mark Crowther"]
[SourceDate "2000.03.07"]
[SourceVersion "1"]
[SourceVersionDate "2000.03.07"]
[SourceQuality "2"]

1. d4 d5 2. c4 e6 3. Nf3 c6 4. Nc3 Nf6 5. Bg5 h6 6. Bh4 dxc4 7. e4 g5 8. Bg3 b5 9. Be2 Bb7 10. h4 g4 11. Ne5 Rg8 12. O-O h5 13. Qc2 Be7 14. Rad1 Na6 15. a3 Qb6 16. Bf4 Rd8 17. Bxc4 Rxd4 18. Rxd4 Qxd4 19. Rd1 Qb6 20. Ba2 g3 21. Bg5 Qxf2+ 22. Qxf2 gxf2+ 23. Kxf2 Nc5 24. Bb1 Ncd7 25. Nf3 a6 26. Ke2 c5 27. e5 Bxf3+ 28. gxf3 Nxe5 29. Be4 b4 30. axb4 cxb4 31. Bxf6 Bxf6 32. Na4 Bxh4 33. Rh1 Bf6 34. Rxh5 Rh8 35. Rxh8+ Bxh8 36. Nc5 a5 37. b3 Ke7 38. Nb7 f5 39. Bd3 Nc6 40. Bc4 f4 41. Nc5 Nd4+ 42. Kf2 Be5 43. Ne4 Bc7 44. Kg2 Bb6 45. Nd2 Nc2 46. Kh3 Be3 47. Ne4 Nd4 48. Kg2 Kd7 49. Nc5+ Kd6 50. Nd3 e5 51. Nb2 Nf5 52. Kh3 Kc5 53. Bg8 Nd6 54. Na4+ Kd4 55. Nb6 e4 56. Kg4 exf3 57. Kxf3 Ne4 58. Nc4 Nd2+ 1/2-1/2

[Event "Andorra op"]
[Site "Andorra AND"]
[Date "2000.06.27"]
[Round "4"]
[White "Tyomkin, Dimitri"]
[Black "Gonzalez de la Torre, Santiago"]
[Result "1-0"]
[WhiteElo "2516"]
[BlackElo "2245"]
[PlyCount "49"]
[GameId "2129405155515460"]
[EventDate "2000.06.24"]
[EventType "swiss"]
[EventRounds "9"]
[EventCountry "AND"]
[SourceTitle "The Week in Chess 295"]
[Source "Mark Crowther"]
[SourceDate "2000.03.07"]
[SourceVersion "1"]
[SourceVersionDate "2000.03.07"]
[SourceQuality "2"]

1. d4 d5 2. c4 c6 3. Nf3 Nf6 4. Nc3 e6 5. Bg5 dxc4 6. e4 b5 7. a4 Bb4 8. e5 h6 9. exf6 hxg5 10. fxg7 Rg8 11. g3 g4 12. Nh4 c5 13. Bg2 cxd4 14. O-O dxc3 15. Qxg4 cxb2 16. Rad1 Qc7 17. Bxa8 bxa4 18. Qe2 a3 19. Bd5 Ba6 20. Bxe6 Qe7 21. Bxf7+ Kxf7 22. Qh5+ Kxg7 23. Nf5+ Kf8 24. Nxe7 Bxe7 25. Rfe1 1-0

[Event "Andorra op"]
[Site "Andorra AND"]
[Date "2000.06.28"]
[Round "5"]
[White "Mateo, Ramon"]
[Black "Tyomkin, Dimitri"]
[Result "1/2-1/2"]
[WhiteElo "2408"]
[BlackElo "2516"]
[PlyCount "25"]
[GameId "2129405155515473"]
[EventDate "2000.06.24"]
[EventType "swiss"]
[EventRounds "9"]
[EventCountry "AND"]
[SourceTitle "The Week in Chess 295"]
[Source "Mark Crowther"]
[SourceDate "2000.03.07"]
[SourceVersion "1"]
[SourceVersionDate "2000.03.07"]
[SourceQuality "2"]

1. d4 d5 2. c4 e6 3. Nc3 c6 4. Nf3 dxc4 5. g3 b5 6. Bg2 Bb7 7. O-O Nd7 8. e4 Ngf6 9. e5 Nd5 10. Ng5 Nxc3 11. bxc3 Be7 12. Qh5 Bxg5 13. Bxg5 1/2-1/2

[Event "Andorra op"]
[Site "Andorra AND"]
[Date "2000.06.29"]
[Round "6"]
[White "Tyomkin, Dimitri"]
[Black "Ramesh, Ramachandran B"]
[Result "0-1"]
[WhiteElo "2516"]
[BlackElo "2443"]
[PlyCount "132"]
[GameId "2129405155515499"]
[EventDate "2000.06.24"]
[EventType "swiss"]
[EventRounds "9"]
[EventCountry "AND"]
[SourceTitle "The Week in Chess 295"]
[Source "Mark Crowther"]
[SourceDate "2000.03.07"]
[SourceVersion "1"]
[SourceVersionDate "2000.03.07"]
[SourceQuality "2"]

1. d4 Nf6 2. c4 g6 3. Nc3 Bg7 4. e4 d6 5. h3 O-O 6. Bg5 Na6 7. Nf3 e5 8. d5 Qe8 9. g4 Nd7 10. Rg1 Kh8 11. Be2 Ndc5 12. a3 f5 13. gxf5 gxf5 14. exf5 Bxf5 15. Nh4 Bd7 16. Qc2 e4 17. O-O-O Ba4 18. Nxa4 Nxa4 19. Be3 Bf6 20. Bd4 Bxd4 21. Rxd4 N6c5 22. Kb1 Qe5 23. Qd2 Qf4 24. Rg4 Qxd2 25. Rxd2 Rxf2 26. Rc2 Re8 27. Ng2 Nb3 28. Bd1 Rf1 29. Ne3 Re1 30. Re2 Rxe2 31. Bxe2 Nac5 32. Bd1 a5 33. Bxb3 Nxb3 34. Kc2 a4 35. Rf4 Re7 36. Rf8+ Kg7 37. Rb8 Rf7 38. Rxb7 Kf6 39. Kd1 Ke5 40. Ke2 h5 41. Nc2 Rg7 42. Ne3 Nd4+ 43. Kd2 Nb3+ 44. Ke2 Rf7 45. Nc2 h4 46. Ra7 Nd4+ 47. Nxd4 Kxd4 48. Rxa4 Rf3 49. c5+ Kxd5 50. cxd6 cxd6 51. Rb4 Rxh3 52. a4 Rh1 53. a5 h3 54. a6 h2 55. a7 Ra1 56. Rb5+ Kd4 57. Rh5 Rxa7 58. Rxh2 Ra2 59. Kd1 d5 60. Kc2 Ra1 61. Rd2+ Kc5 62. Rh2 Kc4 63. Rg2 Rh1 64. Re2 Rf1 65. Rh2 d4 66. b3+ Kb4 0-1

[Event "Andorra op"]
[Site "Andorra AND"]
[Date "2000.07.02"]
[Round "9"]
[White "Tyomkin, Dimitri"]
[Black "Volman, Horassio"]
[Result "1-0"]
[WhiteElo "2516"]
[BlackElo "2214"]
[PlyCount "89"]
[GameId "2129405155515558"]
[EventDate "2000.06.24"]
[EventType "swiss"]
[EventRounds "9"]
[EventCountry "AND"]
[SourceTitle "The Week in Chess 295"]
[Source "Mark Crowther"]
[SourceDate "2000.03.07"]
[SourceVersion "1"]
[SourceVersionDate "2000.03.07"]
[SourceQuality "2"]

1. d4 Nf6 2. c4 d6 3. Nc3 g6 4. e4 Bg7 5. h3 O-O 6. Bg5 Nbd7 7. Bd3 e5 8. d5 Nc5 9. Bc2 a5 10. Nge2 Bd7 11. g4 h6 12. Be3 Nh7 13. Ng3 Qh4 14. Qe2 Bf6 15. O-O-O Bg5 16. Kb1 Bxe3 17. Qxe3 Qg5 18. Qe2 Kg7 19. Rdg1 Qf4 20. f3 Kf6 21. h4 Ke7 22. Rg2 Ra6 23. Qf2 Rb6 24. a3 Kd8 25. Nge2 Qf6 26. Qe3 Qg7 27. Rf1 Nf6 28. Nc1 Bc8 29. Na4 Nxa4 30. Bxa4 Ra6 31. c5 Bd7 32. Bd1 Bb5 33. Rff2 a4 34. Na2 Nd7 35. Nc3 c6 36. dxc6 Bxc6 37. Rd2 dxc5 38. Qxc5 Ke8 39. Rxd7 Kxd7 40. Rd2+ Kc8 41. Be2 Ra8 42. Bb5 Rd8 43. Rxd8+ Kxd8 44. Qd6+ Kc8 45. Nd5 1-0

[Event "Dos Hermanas op"]
[Site "Dos Hermanas ESP"]
[Date "2000.04.11"]
[Round "5"]
[White "Pinheiro, Jose"]
[Black "Tyomkin, Dimitri"]
[Result "1/2-1/2"]
[WhiteElo "2272"]
[BlackElo "2516"]
[PlyCount "121"]
[GameId "2129405156519934"]
[EventDate "2000.04.??"]
[EventType "swiss"]
[EventRounds "9"]
[EventCountry "ESP"]
[SourceTitle "CBM 75 ext"]
[Source "ChessBase"]
[SourceDate "2000.05.11"]
[SourceVersion "2"]
[SourceVersionDate "2000.05.31"]
[SourceQuality "1"]

1. e4 c5 2. Nf3 d6 3. c3 Nf6 4. h3 Nc6 5. Bd3 g6 6. O-O Bg7 7. Re1 O-O 8. Bf1 e5 9. d4 cxd4 10. cxd4 exd4 11. Nxd4 Nxd4 12. Qxd4 Re8 13. Qd3 d5 14. Nc3 Bf5 15. Bg5 dxe4 16. Qxd8 Raxd8 17. g4 Be6 18. Nxe4 Nxe4 19. Bxd8 Nd2 20. Rxe6 fxe6 21. Ba5 Bxb2 22. Bb5 Bxa1 23. Bxe8 Ne4 24. Kg2 Bd4 25. f4 a6 26. Kf3 Nf6 27. Ba4 b6 28. Bd2 Kf7 29. Bb3 Ke7 30. Bc4 b5 31. Bd3 Kf7 32. Bc2 Nd7 33. Ke4 Bb6 34. Bb4 a5 35. Bd6 Nf6+ 36. Kf3 Nd5 37. f5 exf5 38. gxf5 Kf6 39. fxg6 hxg6 40. Ba3 Ne3 41. Bb2+ Kf7 42. Bb3+ Ke7 43. Ba3+ Kf6 44. Bb2+ Kf5 45. Bc1 Nc4 46. Bc2+ Kf6 47. Ke4 a4 48. Bd3 Ke6 49. Bf4 Bc5 50. Be2 Bf2 51. Bg4+ Ke7 52. Kd5 Ne3+ 53. Bxe3 Bxe3 54. Be2 b4 55. Bd3 Kf6 56. Kc4 Bd2 57. Bb1 g5 58. Kb5 a3 59. Ka4 Ke5 60. Kb3 Kf4 61. Bd3 1/2-1/2

[Event "Dos Hermanas op"]
[Site "Dos Hermanas ESP"]
[Date "2000.04.12"]
[Round "6"]
[White "Tyomkin, Dimitri"]
[Black "Garcia Ramos, Javier"]
[Result "1-0"]
[WhiteElo "2516"]
[BlackElo "2310"]
[PlyCount "53"]
[GameId "2129405156515861"]
[EventDate "2000.04.??"]
[EventType "swiss"]
[EventRounds "9"]
[EventCountry "ESP"]
[SourceTitle "CBM 75 ext"]
[Source "ChessBase"]
[SourceDate "2000.05.11"]
[SourceVersion "2"]
[SourceVersionDate "2000.05.31"]
[SourceQuality "1"]

1. d4 d5 2. c4 c6 3. Nf3 e6 4. Nc3 f5 5. g3 Nf6 6. Bg2 Be7 7. O-O O-O 8. Qc2 Ne4 9. e3 Nd7 10. Ne2 Qe8 11. b3 g5 12. Bb2 Qh5 13. Ne5 Rf6 14. f3 Nd6 15. c5 Nf7 16. b4 Rh6 17. h3 Bf6 18. g4 Qh4 19. Bc3 Rg6 20. Nxg6 hxg6 21. a4 e5 22. gxf5 gxf5 23. Qxf5 Qh6 24. Qc2 g4 25. fxg4 Qxe3+ 26. Kh1 Kg7 27. Bd2 1-0

[Event "Dos Hermanas op"]
[Site "Dos Hermanas ESP"]
[Date "2000.04.14"]
[Round "8"]
[White "Tyomkin, Dimitri"]
[Black "Pogorelov, Ruslan"]
[Result "1-0"]
[WhiteElo "2516"]
[BlackElo "2455"]
[PlyCount "57"]
[GameId "2129405156515904"]
[EventDate "2000.04.??"]
[EventType "swiss"]
[EventRounds "9"]
[EventCountry "ESP"]
[SourceTitle "CBM 77"]
[Source "ChessBase"]
[SourceDate "2000.07.27"]
[SourceVersion "1"]
[SourceVersionDate "2000.07.27"]
[SourceQuality "1"]

1. d4 Nf6 2. c4 e6 3. Nf3 b6 4. Nc3 Bb4 5. Bg5 h6 6. Bh4 Bb7 7. Nd2 Bxc3 8. bxc3 g5 9. Bg3 d6 10. f3 Nbd7 11. e4 Nh5 12. Bf2 Qe7 13. g3 f5 14. Bd3 fxe4 15. Bxe4 Bxe4 16. Nxe4 Nhf6 17. Qe2 O-O 18. h4 Nxe4 19. Qxe4 Nf6 20. Qe2 Rae8 21. hxg5 hxg5 22. O-O-O e5 23. dxe5 Qxe5 24. Qd3 Qe7 25. Rh6 d5 26. Rdh1 Qa3+ 27. Kb1 Kf7 28. Qf5 Ke7 29. Rxf6 1-0

[Event "Dos Hermanas op"]
[Site "Dos Hermanas ESP"]
[Date "2000.04.15"]
[Round "9"]
[White "Banikas, Hristos"]
[Black "Tyomkin, Dimitri"]
[Result "1-0"]
[WhiteElo "2535"]
[BlackElo "2516"]
[PlyCount "80"]
[GameId "2129405156515906"]
[EventDate "2000.04.??"]
[EventType "swiss"]
[EventRounds "9"]
[EventCountry "ESP"]
[SourceTitle "CBM 75 ext"]
[Source "ChessBase"]
[SourceDate "2000.05.11"]
[SourceVersion "2"]
[SourceVersionDate "2000.05.31"]
[SourceQuality "1"]

1. d4 f5 2. g3 Nf6 3. Bg2 e6 4. c4 d5 5. Nd2 c6 6. Qc2 Bd6 7. Nh3 O-O 8. O-O Qe7 9. Nf3 b6 10. Bf4 Bb7 11. cxd5 cxd5 12. Rfc1 Nc6 13. Qa4 Rfc8 14. Bxd6 Qxd6 15. Nf4 Ne4 16. Nd3 a5 17. Nfe5 Nxe5 18. Nxe5 Nf6 19. e3 Ba6 20. a3 Rc7 21. b4 axb4 22. Rxc7 Qxc7 23. axb4 h6 24. Qc6 Qxc6 25. Nxc6 Kf8 26. Bf1 Bb7 27. Rxa8+ Bxa8 28. Ne5 g5 29. Ba6 Ke7 30. Bc8 Ne4 31. g4 fxg4 32. Nxg4 h5 33. Ne5 Nd6 34. Bd7 Nc4 35. Ba4 Nxe5 36. dxe5 Bb7 37. h4 gxh4 38. Bb5 Kf7 39. Bd3 Kg7 40. Kh2 Kh6 1-0

[Event "Wichern op"]
[Site "Hamburg GER"]
[Date "1999.10.16"]
[Round "2.28"]
[White "Tyomkin, Dimitri"]
[Black "Kluth, Carsten"]
[Result "1-0"]
[WhiteElo "2495"]
[BlackElo "2180"]
[PlyCount "67"]
[GameId "2129405160369939"]
[EventDate "1999.10.15"]
[EventType "swiss"]
[EventRounds "9"]
[EventCountry "GER"]
[SourceTitle "EXT 2001"]
[Source "ChessBase"]
[SourceDate "2000.11.22"]
[SourceVersion "1"]
[SourceVersionDate "2000.11.22"]
[SourceQuality "1"]

1. d4 d5 2. c4 e6 3. Nf3 c6 4. Nc3 dxc4 5. a4 Bb4 6. e3 b5 7. Bd2 a5 8. axb5 Bxc3 9. Bxc3 cxb5 10. b3 Bb7 11. bxc4 b4 12. Bb2 Nf6 13. Bd3 Nbd7 14. O-O O-O 15. Re1 Re8 16. c5 Bc6 17. Bc2 Ne4 18. Qb1 f5 19. Qd1 Qc7 20. Nh4 g5 21. d5 gxh4 22. Bxe4 exd5 23. Bxd5+ Kf8 24. Qd4 Ne5 25. Bxc6 Qxc6 26. Qxh4 Qg6 27. Bxe5 Rxe5 28. Rxa5 Rxa5 29. Qd8+ Re8 30. Qxa5 b3 31. Qb4 Re4 32. Qxb3 f4 33. Rc1 f3 34. Qb8+ 1-0

[Event "Wichern op"]
[Site "Hamburg GER"]
[Date "1999.10.17"]
[Round "4.20"]
[White "Tyomkin, Dimitri"]
[Black "Schleicher, Guido"]
[Result "1-0"]
[WhiteElo "2495"]
[BlackElo "2227"]
[PlyCount "63"]
[GameId "2129405160431673"]
[EventDate "1999.10.15"]
[EventType "swiss"]
[EventRounds "9"]
[EventCountry "GER"]
[SourceTitle "EXT 2001"]
[Source "ChessBase"]
[SourceDate "2000.11.22"]
[SourceVersion "1"]
[SourceVersionDate "2000.11.22"]
[SourceQuality "1"]

1. d4 f5 2. g3 Nf6 3. Bg2 g6 4. h4 c5 5. d5 Bg7 6. Nh3 Qb6 7. Nf4 Ng4 8. c3 c4 9. O-O Ne5 10. Na3 Na6 11. b3 O-O 12. Be3 Qa5 13. Nxc4 Nxc4 14. bxc4 d6 15. Bd4 Qc7 16. Bxg7 Kxg7 17. Qd4+ Rf6 18. e4 Nc5 19. Rfe1 fxe4 20. Bxe4 Nxe4 21. Rxe4 Bf5 22. Rae1 Re8 23. Ne6+ Bxe6 24. Rxe6 Qd8 25. Qxf6+ exf6 26. Rxe8 Qb6 27. R1e7+ Kh6 28. Rh8 Kh5 29. Rhxh7+ Kg4 30. Kg2 Qb2 31. Re4+ Kf5 32. Rf4+ 1-0